Pharmacognosy (Record no. 8329)
[ view plain ]
| 000 -LEADER | |
|---|---|
| fixed length control field | 00317nam a2200133Ia 4500 |
| 008 - FIXED-LENGTH DATA ELEMENTS--GENERAL INFORMATION | |
| fixed length control field | 191201s2019 xx 000 0 und d |
| 082 ## - DEWEY DECIMAL CLASSIFICATION NUMBER | |
| Classification number | 615.32 BHP |
| 100 ## - MAIN ENTRY--PERSONAL NAME | |
| Personal name | Bhardwaj, Lokesh |
| 245 #0 - TITLE STATEMENT | |
| Title | Pharmacognosy |
| 260 ## - PUBLICATION, DISTRIBUTION, ETC. (IMPRINT) | |
| Name of publisher, distributor, etc | R.NARAIN Pub. |
| Place of publication, distribution, etc | New Delhi |
| Date of publication, distribution, etc | 2019 |
| 300 ## - PHYSICAL DESCRIPTION | |
| Extent | 160 |
| 650 ## - SUBJECT ADDED ENTRY--TOPICAL TERM | |
| Topical term or geographic name as entry element | Pharmacognosy |
| 942 ## - ADDED ENTRY ELEMENTS (KOHA) | |
| Source of classification or shelving scheme | Dewey Decimal Classification |
| Koha item type | Text Books |
| Withdrawn status | Lost status | Source of classification or shelving scheme | Damaged status | Not for loan | Collection code | Home library | Current library | Date acquired | Source of acquisition | Cost, normal purchase price | Bill Number | Total Checkouts | Full call number | Acc. no. / Barcode | Date last seen | Date last borrowed | Actual Cost, discounted price | Bill Date | Koha item type |
|---|---|---|---|---|---|---|---|---|---|---|---|---|---|---|---|---|---|---|---|
| Dewey Decimal Classification | Diploma in Pharmacy | PIET C-LIBRARY | PIET C-LIBRARY | 25/03/2019 | Kirti Prakashan | 120.00 | IN 3107 | 6 | 615.32 BHP | DP527 | 23/06/2025 | 18/06/2025 | 87.00 | 12/03/2019 | Text Books | ||||
| Dewey Decimal Classification | Diploma in Pharmacy | PIET C-LIBRARY | PIET C-LIBRARY | 25/03/2019 | Kirti Prakashan | 120.00 | IN 3107 | 4 | 615.32 BHP | DP528 | 01/03/2024 | 26/02/2024 | 87.00 | 12/03/2019 | Text Books | ||||
| Dewey Decimal Classification | Diploma in Pharmacy | PIET C-LIBRARY | PIET C-LIBRARY | 25/03/2019 | Kirti Prakashan | 120.00 | IN 3107 | 615.32 BHP | DP529 | 04/12/2019 | 87.00 | 12/03/2019 | Reference Books | ||||||
| Dewey Decimal Classification | Diploma in Pharmacy | PIET C-LIBRARY | PIET C-LIBRARY | 25/03/2019 | Kirti Prakashan | 120.00 | IN 3107 | 1 | 615.32 BHP | DP530 | 31/05/2021 | 06/04/2021 | 87.00 | 12/03/2019 | Text Books |